00695cam a2200229 a 4500001001400000005001700014008004100031020002500072040003400097041000800131044001100139072002900150080001700179080001800196100003000214245009600244250001200340260002300352300003700375650003100412655002200443vtls00864045720220615112807.0060329s2006 xr dl f 000 0dcze  a8072015761 (brož.) aSVKPObslocSVKPOeAACR2dSNK0 acze axrcCZ 7a33xEkonómia2konspekt a338.1222001 a(048.8)220011 aCzesaný, Slavoj,d1940-10aHospodářský cyklusbteorie, monitorování, analýza, prognózacSlavoj Czesaný a1. vyd. aPrahabLindec2006 a199 s.bgrafy, sch., tab.c21 cm07ahospodárske cykly2SNKPH 7amonografie2SNKPH